Дело о поднесении Николаю I профессором Петербургского университета Н.П. Щегловым своей книги "Хозяйственная ботаника"

Доступно только в Электронных читальных залах Найти на картеНа карте
RUSMARC
00004172nmc2a2200000 x 450
00181a1c006-8a2c-4e98-9ef9-02cc1781cfe5
00520151229115112.0
100##$a20150422l18261828k l0rusy0189 ca
1010#$arus
102##$aRU
2001#$aДело о поднесении Николаю I профессором Петербургского университета Н.П. Щегловым своей книги "Хозяйственная ботаника"
$j9 января 1826 г. - 20 декабря 1828 г.
251##$cДело
300##$aДело
300##$aОриг. заголовок дела: Дело по просительному письму Санкт-Петербургского университета профессора Щеглова о поднесени на высочайшее благоусмотрение издаваемой им "Хозяйственной ботаники". 9 января 1826 г. - 20 декабря 1828 г
801#0$aRU
$bРГИА
$c20150422
$gRCR
801#1$aRU
$bГлавНИВЦ
$c20150422
$2rusmarc
801#2$aRU
$bПБ им. Б.Н. Ельцина
$c20151229
$gRCR
$2rusmarc
850##$aРГИА
852##$aРГИА
$eФедеральное казенное учреждение "Российский государственный исторический архив" (РГИА)
$j261
937##$hРГИА
$d11440092
$aASBIBLIO_SCAN
462#0$10017ff33d0d-4fb3-4ffd-a38b-3e370d0d7251
$12001
$aОбщие дела 1-го отделения Департамента народного просвещения за 1818-1840 гг.
$1251
$cОпись
$1852
$j87
461#0$1001a74412a3-3cc5-4d21-8f0a-dfe2fbd9e72d
$12001
$aДепартамент народного просвещения Министерства народного просвещения
$1251
$cФонд
$1852
$j733
215##$a36 л.
$d36,5х26 см
371##$aДокумент не является опубликованным и широко распространяемым
105##$ay###
1222#$ad
5171#$aДело по просительному письму Санкт-Петербургского университета профессора Щеглова о поднесени на высочайшее благоусмотрение издаваемой им "Хозяйственной ботаники". 9 января 1826 г. - 20 декабря 1828 г
035##$a81a1c006-8a2c-4e98-9ef9-02cc1781cfe5
Формат отображения